Valencia. (Record no. 7771)

MARC details
000 -LEADER
campo de control de longitud fija 01260nam a2200361 i 4500
001 - NÚMERO DE CONTROL
campo de control 7771
003 - IDENTIFICADOR DE NÚMERO DE CONTROL
campo de control ES-MaACL
005 - FECHA Y HORA DE LA ÚLTIMA TRANSACCIÓN
campo de control 20250817062544.0
007 - CAMPO FIJO DE DESCRIPCIÓN FÍSICA--INFORMACIÓN GENERAL
campo de control de longitud fija t|
008 - DATOS DE LONGITUD FIJA--INFORMACIÓN GENERAL
campo de control de longitud fija 910502s1985 sp ||||1| spa d
020 ## - NÚMERO INTERNACIONAL ESTÁNDAR DEL LIBRO
Número Internacional Estándar del Libro 84-7075-324-0
020 ## - NÚMERO INTERNACIONAL ESTÁNDAR DEL LIBRO
Número Internacional Estándar del Libro 84-279-8021-3
080 ## - NÚMERO DE LA CLASIFICACIÓN DECIMAL UNIVERSAL
Número de la Clasificación Decimal Universal 91(467.31)
080 ## - NÚMERO DE LA CLASIFICACIÓN DECIMAL UNIVERSAL
Número de la Clasificación Decimal Universal 9(467.31)
080 ## - NÚMERO DE LA CLASIFICACIÓN DECIMAL UNIVERSAL
Número de la Clasificación Decimal Universal 7(467.31-81)
245 00 - MENCIÓN DEL TÍTULO
Título Valencia.
250 ## - MENCION DE EDICION
Mención de edición 1a ed.
260 ## - PUBLICACIÓN, DISTRIBUCIÓN, ETC.
Lugar de publicación, distribución, etc. Madrid :
Nombre del editor, distribuidor, etc. Fundación Juan March ;
Lugar de publicación, distribución, etc. Barcelona :
Nombre del editor, distribuidor, etc. Noguer,
Fecha de publicación, distribución, etc. 1985.
300 ## - DESCRIPCIÓN FÍSICA
Extensión 451 p. :
Otras características físicas il. ;
Dimensiones 30 cm.
490 1# - MENCIÓN DE SERIE
Mención de serie Tierras de España
505 8# - NOTA DE CONTENIDO CON FORMATO
Nota de contenido con formato Introduccion geografica / Antonio Lopez Gomez. Introduccion historica / Antonio Ubieto Arteta. Introduccion literaria / Juan Oleza Simo. Arte / Alfonso E. Perez Sanchez
650 14 - PUNTO DE ACCESO ADICIONAL DE MATERIA--TÉRMINO DE MATERIA
Término de materia o nombre geográfico como elemento de entrada Literatura española-
Subdivisión geográfica Valencia-
Subdivisión general Historia y crítica.
9 (RLIN) 14576
650 14 - PUNTO DE ACCESO ADICIONAL DE MATERIA--TÉRMINO DE MATERIA
Término de materia o nombre geográfico como elemento de entrada Arte-
Subdivisión geográfica Valencia.
9 (RLIN) 10144
651 #4 - PUNTO DE ACCESO ADICIONAL DE MATERIA--NOMBRE GEOGRÁFICO
Nombre geográfico Valencia-
Subdivisión general Descripción.
9 (RLIN) 9497
700 1# - ENTRADA AGREGADA--NOMBRE PERSONAL
Nombre de persona López Gómez, Antonio.
9 (RLIN) 73672
700 1# - ENTRADA AGREGADA--NOMBRE PERSONAL
Nombre de persona Ubieto Arteta, Antonio.
9 (RLIN) 111843
700 1# - ENTRADA AGREGADA--NOMBRE PERSONAL
Nombre de persona Oleza Simo, Juan.
9 (RLIN) 86709
700 1# - ENTRADA AGREGADA--NOMBRE PERSONAL
Nombre de persona Pérez Sánchez, Alfonso E.,
Fechas asociadas al nombre 1935-2010
9 (RLIN) 240883
710 2# - ENTRADA AGREGADA--NOMBRE DE ENTIDAD CORPORATIVA
Nombre de entidad corporativa o nombre de jurisdicción como elemento de entrada Fundación Juan March
9 (RLIN) 4346
830 0# - PUNTO DE ACCESO ADICIONAL DE SERIE-TÍTULO UNIFORME
Título uniforme Tierras de España
9 (RLIN) 177948
852 ## - LOCALIZACIÓN
Ubicación ES-MaACL
Número de control de estantería C-10424
Sublocalización o colección R.119238
Nota libre . - tela
Holdings
Estatus retirado Estado de pérdida Estado de daño No para préstamo Biblioteca de origen Biblioteca actual Ubicación en estantería Fecha de adquisición Fuente de adquisición Total de préstamos Signatura topográfica completa Código de barras Visto por última vez Precio de reemplazo Tipo de ítem Koha
        Biblioteca del Ateneo de Madrid Biblioteca del Ateneo de Madrid Sala Palomar 17/01/2008     C-10424 1007926 23/02/2023 23/02/2023 Libro impreso